[Event "Kiev Independence Cup-A 10th"]
[Site "Kiev"]
[Date "2010.08.18"]
[Round "7"]
[White "Solomaha, Andrey"]
[Black "Sergienko, Vladislav"]
[Result "0-1"]
[WhiteElo "2308"]
[BlackElo "2039"]
[PlyCount "52"]
[EventDate "2010.08.12"]
[EventType "swiss"]
[EventRounds "11"]
[EventCountry "UKR"]
[SourceTitle "CBM 138 Extra"]
[Source "ChessBase"]
[SourceDate "2010.10.29"]
[SourceVersion "1"]
[SourceVersionDate "2010.10.29"]
[SourceQuality "1"]

1. e4 c6 2. c4 d5 3. exd5 cxd5 4. cxd5 Nf6 5. Nc3 g6 6. Qb3 Bg7 7. Be2 0-0 8. a4 Nbd7 9. a5 b6 10. Bf3 Nc5 11. Qa3 Nd3+ 12. Kf1 bxa5 13. Nge2 Bg4 14. Qxa5 Bxf3 15. gxf3 Qc8 16. Kg2 Nh5 17. Ra4 Qf5 18. d6 Nhf4+ 19. Nxf4 Nxf4+ 20. Kg1 e5 21. h4 Qd3 22. Rxf4 exf4 23. Qd5 Qxd5 24. Nxd5 Rad8 25. Nxf4 Rxd6 26. Ne2 Re8 0-1

[Event "Nabokov Memorial-B 8th"]
[Site "Kiev"]
[Date "2010.06.13"]
[Round "9"]
[White "Pesotsky, Vitaly"]
[Black "Solomaha, Andrey"]
[Result "1/2-1/2"]
[WhiteElo "2282"]
[BlackElo "2297"]
[PlyCount "85"]
[EventDate "2010.06.05"]
[EventType "tourn"]
[EventRounds "11"]
[EventCountry "UKR"]
[EventCategory "4"]
[SourceTitle "CBM 136 Extra"]
[Source "ChessBase"]
[SourceDate "2010.07.02"]
[SourceVersion "2"]
[SourceVersionDate "2010.07.15"]
[SourceQuality "1"]

1. e4 c5 2. Nf3 Nc6 3. d4 cxd4 4. Nxd4 Nf6 5. Nc3 d6 6. Be2 e5 7. Nb3 Be7 8. 0-0 0-0 9. Be3 a5 10. a3 Be6 11. Bf3 a4 12. Nc1 Qa5 13. N1a2 Rfd8 14. Nd5 Bxd5 15. exd5 Nb8 16. c4 Nbd7 17. Nc3 Rdc8 18. Be2 Bd8 19. Nb5 Ra6 20. Rc1 Nc5 21. Bg4 Rc7 22. Nxc7 Qxc7 23. Bf5 g6 24. Bc2 Nfd7 25. Kh1 Bf6 26. Rb1 Ra8 27. f3 Qd8 28. Qd2 Bg7 29. g4 Qe8 30. Rbe1 Qd8 31. Kg2 Qf8 32. g5 f5 33. gxf6 Bxf6 34. Kh1 Qe7 35. Rg1 Kh8 36. Rg4 Rf8 37. Qg2 Bg7 38. Qh3 Kg8 39. Reg1 Nf6 40. Bxc5 Nxg4 41. Rxg4 dxc5 42. Bxa4 Qf6 43. Bd1 1/2-1/2

[Event "Nabokov Memorial-B 8th"]
[Site "Kiev"]
[Date "2010.06.09"]
[Round "5"]
[White "Nikolaev, Leonid"]
[Black "Solomaha, Andrey"]
[Result "0-1"]
[WhiteElo "2334"]
[BlackElo "2297"]
[PlyCount "106"]
[EventDate "2010.06.05"]
[EventType "tourn"]
[EventRounds "11"]
[EventCountry "UKR"]
[EventCategory "4"]
[SourceTitle "CBM 136 Extra"]
[Source "ChessBase"]
[SourceDate "2010.07.02"]
[SourceVersion "2"]
[SourceVersionDate "2010.07.15"]
[SourceQuality "1"]

1. Nf3 Nf6 2. g3 g6 3. b3 Bg7 4. Bb2 0-0 5. c4 d6 6. d4 Nbd7 7. Bg2 c6 8. 0-0 Qc7 9. Nc3 Re8 10. e4 e5 11. d5 Nc5 12. Ne1 a5 13. Nd3 cxd5 14. cxd5 Bd7 15. Nxc5 Qxc5 16. Rc1 Qb4 17. a3 Qb6 18. Bf3 Rec8 19. Re1 Bh6 20. Rb1 Rc7 21. Ba1 Rac8 22. Qd3 Rxc3 23. Bxc3 Bb5 24. Qc2 Qc5 25. Rec1 Bxc1 26. Rxc1 Qxa3 27. Qd1 a4 28. bxa4 Bxa4 29. Qe1 Rc4 30. Kg2 b5 31. Bd2 Qd3 32. Rxc4 bxc4 33. Bb4 Bd7 34. Bxd6 Bh3+ 35. Kxh3 Qxf3 36. Qa1 Qg4+ 37. Kg2 Qxe4+ 38. Kg1 Nxd5 39. Qa8+ Kg7 40. Qd8 Qb1+ 41. Kg2 Qe4+ 42. Kg1 h6 43. Qf8+ Kf6 44. Qd8+ Kf5 45. h3 Qb1+ 46. Kh2 Ke4 47. Qh4+ Kd3 48. Bxe5 Qb6 49. Kg2 Nc3 50. Qxh6 Qb7+ 51. Kh2 Qf3 52. Qc1 Qxf2+ 53. Kh1 Qf3+ 0-1

[Event "Nabokov Memorial-B 8th"]
[Site "Kiev"]
[Date "2010.06.06"]
[Round "2"]
[White "Solomaha, Andrey"]
[Black "Grinev, Valeriy"]
[Result "1/2-1/2"]
[WhiteElo "2297"]
[BlackElo "2327"]
[PlyCount "58"]
[EventDate "2010.06.05"]
[EventType "tourn"]
[EventRounds "11"]
[EventCountry "UKR"]
[EventCategory "4"]
[SourceTitle "CBM 136 Extra"]
[Source "ChessBase"]
[SourceDate "2010.07.02"]
[SourceVersion "2"]
[SourceVersionDate "2010.07.15"]
[SourceQuality "1"]

1. e4 c5 2. c3 Nf6 3. e5 Nd5 4. d4 cxd4 5. cxd4 d6 6. Nf3 Nc6 7. Bc4 Nb6 8. Bb5 dxe5 9. Nxe5 Bd7 10. Nxd7 Qxd7 11. 0-0 Rd8 12. Be3 a6 13. Bxc6 Qxc6 14. Nd2 e6 15. Qb3 Bd6 16. Rfc1 Qb5 17. Qxb5+ axb5 18. Ne4 Nd5 19. Nxd6+ Rxd6 20. Rc8+ Rd8 21. Rc5 b4 22. Rb5 b6 23. Bd2 Rc8 24. Bxb4 Rc2 25. Be1 Kd7 26. Rd1 Rhc8 27. Kf1 Rc1 28. Rxc1 Rxc1 29. g3 Rd1 1/2-1/2

[Event "Nabokov Memorial-B 8th"]
[Site "Kiev"]
[Date "2010.06.05"]
[Round "1"]
[White "Baltag, Iulian"]
[Black "Solomaha, Andrey"]
[Result "1-0"]
[WhiteElo "2365"]
[BlackElo "2297"]
[PlyCount "59"]
[EventDate "2010.06.05"]
[EventType "tourn"]
[EventRounds "11"]
[EventCountry "UKR"]
[EventCategory "4"]
[SourceTitle "CBM 136 Extra"]
[Source "ChessBase"]
[SourceDate "2010.07.02"]
[SourceVersion "2"]
[SourceVersionDate "2010.07.15"]
[SourceQuality "1"]

1. d4 Nf6 2. c4 g6 3. Nc3 Bg7 4. Bg5 d6 5. e3 0-0 6. Be2 Nbd7 7. Nf3 e5 8. Bh4 Re8 9. Qc2 exd4 10. Nxd4 c6 11. Rd1 Qc7 12. Bg3 Nc5 13. Bf3 Bg4 14. 0-0 Bxf3 15. Nxf3 Nfe4 16. Nxe4 Nxe4 17. c5 Bf8 18. Bf4 Rad8 19. Nd2 Nxd2 20. Rxd2 Re6 21. Rfd1 Qa5 22. cxd6 Bxd6 23. Qc3 Qc7 24. Qa3 c5 25. Rd5 Kf8 26. Qxa7 Ke7 27. Qa3 Qb6 28. h3 Bc7 29. Rxd8 Bxd8 30. Qd3 1-0

[Event "Kiev Independence Cup-A 9th"]
[Site "Kiev"]
[Date "2009.08.23"]
[Round "11"]
[White "Solomaha, Andrey"]
[Black "Shvayger, Yuliya"]
[Result "1-0"]
[WhiteElo "2286"]
[BlackElo "2164"]
[PlyCount "97"]
[EventDate "2009.08.13"]
[EventType "swiss"]
[EventRounds "11"]
[EventCountry "UKR"]
[SourceTitle "CBM 131 Extra"]
[Source "ChessBase"]
[SourceDate "2009.09.03"]
[SourceVersion "2"]
[SourceVersionDate "2009.09.16"]
[SourceQuality "1"]

1. e4 c5 2. c3 Nf6 3. e5 Nd5 4. d4 cxd4 5. cxd4 Nc6 6. Nf3 d6 7. Bc4 dxe5 8. dxe5 Ndb4 9. a3 Qxd1+ 10. Kxd1 Na6 11. b4 Bg4 12. Bb2 Nc7 13. Nbd2 b5 14. Bd3 0-0-0 15. Be4 Bxf3+ 16. gxf3 Nd4 17. Bxd4 Rxd4 18. Ke2 e6 19. Rac1 f5 20. Nb3 Rd8 21. Bc6 g5 22. Na5 Bg7 23. f4 gxf4 24. Bb7+ Kb8 25. Bf3 Rd7 26. Nc6+ Kc8 27. Nxa7+ Kb8 28. Nc6+ Kc8 29. Rc5 Bf8 30. Rc2 h5 31. Rhc1 Be7 32. Na7+ Kb8 33. Nc6+ Kc8 34. Rd1 Bh4 35. Na7+ Kd8 36. Rxd7+ Kxd7 37. Bc6+ Ke7 38. Nxb5 Nxb5 39. Bxb5 Kf7 40. Rc7+ Be7 41. Bc6 Rb8 42. b5 Kf8 43. a4 Bb4 44. Bf3 h4 45. Rc4 Ba3 46. Rxf4 Bb2 47. Rxh4 Bxe5 48. Rh7 Bg7 49. Bc6 1-0

[Event "Kiev Independence Cup-B 9th"]
[Site "Kiev"]
[Date "2009.08.06"]
[Round "4"]
[White "Pavlov, Sergey1111"]
[Black "Solomaha, Andrey"]
[Result "1-0"]
[WhiteElo "2479"]
[BlackElo "2286"]
[PlyCount "79"]
[EventDate "2009.08.03"]
[EventType "swiss"]
[EventRounds "9"]
[EventCountry "UKR"]
[SourceTitle "CBM 131 Extra"]
[Source "ChessBase"]
[SourceDate "2009.09.03"]
[SourceVersion "2"]
[SourceVersionDate "2009.09.16"]
[SourceQuality "1"]

1. e4 c5 2. Nf3 Nc6 3. d4 cxd4 4. Nxd4 e5 5. Nb5 a6 6. Nd6+ Bxd6 7. Qxd6 Qf6 8. Qd2 Qg6 9. f3 Nge7 10. c4 0-0 11. b3 Nd4 12. Nc3 d6 13. Bd3 f5 14. Qg5 fxe4 15. Qxg6 Nxg6 16. Bxe4 Bf5 17. 0-0 Bxe4 18. Nxe4 Rfd8 19. Bg5 Rd7 20. Rad1 Nf8 21. Be3 Nfe6 22. Nc3 b5 23. f4 bxc4 24. f5 Nd8 25. Nd5 Nc2 26. Bf2 Rb8 27. Nb6 Rxb6 28. Bxb6 cxb3 29. axb3 Nc6 30. f6 N2d4 31. Ra1 a5 32. Bxd4 Nxd4 33. b4 gxf6 34. bxa5 Kf7 35. a6 Ra7 36. Rfb1 Ke6 37. Rb7 Ra8 38. a7 Nc6 39. Ra6 Kd5 40. Rbb6 1-0

[Event "Nabokov Memorial 5th"]
[Site "Kiev"]
[Date "2007.06.11"]
[Round "10"]
[White "Vedmediuc, Serghei"]
[Black "Solomaha, Andrey"]
[Result "1-0"]
[WhiteElo "2361"]
[BlackElo "2307"]
[PlyCount "39"]
[EventDate "2007.06.03"]
[EventType "tourn"]
[EventRounds "11"]
[EventCountry "UKR"]
[EventCategory "4"]
[SourceTitle "CBM 118 Extra"]
[Source "ChessBase"]
[SourceDate "2007.07.04"]
[SourceVersion "1"]
[SourceVersionDate "2007.07.04"]
[SourceQuality "1"]

1. c4 Nf6 2. Nc3 g6 3. e4 d6 4. d4 Bg7 5. h3 0-0 6. Bg5 c5 7. d5 e6 8. Nf3 h6 9. Be3 exd5 10. cxd5 b5 11. e5 dxe5 12. Bxc5 Re8 13. Bxb5 Nbd7 14. Be3 Bb7 15. Qd2 Rc8 16. 0-0 e4 17. Nd4 Nxd5 18. Nxd5 Bxd5 19. Rfd1 Re7 20. Nf5 1-0

[Event "Nabokov Memorial 5th"]
[Site "Kiev"]
[Date "2007.06.10"]
[Round "9"]
[White "Solomaha, Andrey"]
[Black "Golichenko, Ilja"]
[Result "0-1"]
[WhiteElo "2307"]
[BlackElo "2316"]
[PlyCount "116"]
[EventDate "2007.06.03"]
[EventType "tourn"]
[EventRounds "11"]
[EventCountry "UKR"]
[EventCategory "4"]
[SourceTitle "CBM 118 Extra"]
[Source "ChessBase"]
[SourceDate "2007.07.04"]
[SourceVersion "1"]
[SourceVersionDate "2007.07.04"]
[SourceQuality "1"]

1. e4 c5 2. Nf3 d6 3. d4 cxd4 4. Nxd4 Nf6 5. Nc3 a6 6. Be2 e5 7. Nb3 Be7 8. 0-0 0-0 9. Kh1 Be6 10. f4 exf4 11. Bxf4 Nc6 12. Qe1 Nd7 13. Nd5 Bxd5 14. exd5 Nce5 15. Nd4 g6 16. Qg3 Bh4 17. Qh3 Bf6 18. Rad1 Bg7 19. c4 Rc8 20. b3 Re8 21. Nf3 Nxf3 22. Qxf3 Qe7 23. Bd3 Be5 24. Bg5 f6 25. Bh6 f5 26. Qh3 Bf6 27. g4 fxg4 28. Qxg4 Ne5 29. Qf4 Bg7 30. Bxg7 Kxg7 31. Qg3 Rf8 32. Bf5 Rce8 33. Rde1 b6 34. Be6 Rxf1+ 35. Rxf1 Rf8 36. Kg2 Rxf1 37. Kxf1 Qc7 38. Qe3 b5 39. cxb5 axb5 40. Qd2 Qc5 41. Qg5 Qc7 42. a4 bxa4 43. bxa4 Qc4+ 44. Kf2 Qc2+ 45. Kg3 Qd3+ 46. Kf2 Qf3+ 47. Ke1 Qh1+ 48. Kf2 Qxh2+ 49. Ke3 Qh1 50. Qe7+ Kh6 51. Qf8+ Kh5 52. Qf2 Qc1+ 53. Ke4 Qc4+ 54. Qd4 Qe2+ 55. Qe3 Qc2+ 56. Kf4 Qxa4+ 57. Kg3 Qh4+ 58. Kg2 Qg5+ 0-1

[Event "Nabokov Memorial 5th"]
[Site "Kiev"]
[Date "2007.06.03"]
[Round "1"]
[White "Pavlov, Sergey1111"]
[Black "Solomaha, Andrey"]
[Result "1/2-1/2"]
[WhiteElo "2436"]
[BlackElo "2307"]
[PlyCount "55"]
[EventDate "2007.06.03"]
[EventType "tourn"]
[EventRounds "11"]
[EventCountry "UKR"]
[EventCategory "4"]
[SourceTitle "CBM 118 Extra"]
[Source "ChessBase"]
[SourceDate "2007.07.04"]
[SourceVersion "1"]
[SourceVersionDate "2007.07.04"]
[SourceQuality "1"]

1. e4 c5 2. Nf3 Nc6 3. d4 cxd4 4. Nxd4 Nf6 5. Nc3 d6 6. Bg5 e6 7. Qd2 a6 8. 0-0-0 h6 9. Be3 Be7 10. f3 Nxd4 11. Bxd4 b5 12. Kb1 Qa5 13. Qe3 b4 14. Ne2 e5 15. Bb6 Qa4 16. b3 Qc6 17. Ba5 Rb8 18. c3 d5 19. cxb4 dxe4 20. Rc1 Qa8 21. Ng3 0-0 22. fxe4 Bxb4 23. Bxb4 Rxb4 24. Bc4 Be6 25. Bxe6 fxe6 26. Rc7 Nxe4 27. Nh5 Rb7 28. Rc4 1/2-1/2

[Event "Kiev-ch"]
[Site "Kiev"]
[Date "2007.01.24"]
[Round "5"]
[White "Shishkin, Vadim"]
[Black "Solomaha, Andrey"]
[Result "1-0"]
[WhiteElo "2474"]
[BlackElo "2305"]
[PlyCount "63"]
[EventDate "2007.01.20"]
[EventType "swiss"]
[EventRounds "11"]
[EventCountry "UKR"]
[SourceTitle "CBM 116 Extra"]
[Source "ChessBase"]
[SourceDate "2007.03.07"]
[SourceVersion "1"]
[SourceVersionDate "2007.03.07"]
[SourceQuality "1"]

1. d4 Nf6 2. c4 g6 3. Nc3 Bg7 4. e4 d6 5. Be2 0-0 6. Nf3 Bg4 7. Be3 Nfd7 8. Qd2 e5 9. d5 a5 10. Ng1 Bxe2 11. Ngxe2 Na6 12. 0-0 Nac5 13. Rab1 f5 14. exf5 Rxf5 15. Ng3 Rf8 16. b3 Qh4 17. f3 h6 18. Nb5 Rfc8 19. a3 a4 20. b4 Nb3 21. Qd3 Kh7 22. Ne4 Nf6 23. Nec3 Nh5 24. Nxa4 Nd4 25. Nac3 c6 26. Nxd6 Rxa3 27. Qe4 Qd8 28. Nxc8 Nf6 29. Qxe5 Nxd5 30. Qxg7+ Kxg7 31. Bxd4+ Nf6 32. Rbd1 1-0

[Event "Kiev-ch"]
[Site "Kiev"]
[Date "2007.01.23"]
[Round "4"]
[White "Solomaha, Andrey"]
[Black "Perun, Sergey"]
[Result "1/2-1/2"]
[WhiteElo "2305"]
[BlackElo "2357"]
[PlyCount "85"]
[EventDate "2007.01.20"]
[EventType "swiss"]
[EventRounds "11"]
[EventCountry "UKR"]
[SourceTitle "CBM 116 Extra"]
[Source "ChessBase"]
[SourceDate "2007.03.07"]
[SourceVersion "1"]
[SourceVersionDate "2007.03.07"]
[SourceQuality "1"]

1. e4 c5 2. c3 d5 3. exd5 Qxd5 4. d4 Nf6 5. Nf3 e6 6. Be2 Nc6 7. 0-0 Be7 8. c4 Qd8 9. dxc5 Qxd1 10. Rxd1 Bxc5 11. Nc3 0-0 12. a3 b6 13. b4 Be7 14. Bf4 Bb7 15. Nb5 Rad8 16. Ne5 a5 17. Nxc6 Bxc6 18. Nd4 Bb7 19. Bc7 Rc8 20. Bxb6 axb4 21. axb4 Bxb4 22. Ra7 Ba8 23. Rb1 Bd6 24. Nb5 Bc5 25. Bxc5 Rxc5 26. Nc7 Bc6 27. f3 Rc8 28. Rba1 g5 29. Na6 Re5 30. Kf2 Nd7 31. Nb4 Nc5 32. R7a5 Kg7 33. Nd3 Nxd3+ 34. Bxd3 Rxa5 35. Rxa5 f5 36. Rc5 Kf6 37. g4 Bd7 38. Ra5 Rb8 39. gxf5 exf5 40. Ra7 Bc6 41. Ra6 Rc8 42. Ra5 Bd7 43. Ra7 1/2-1/2

[Event "Kiev-ch"]
[Site "Kiev"]
[Date "2007.01.22"]
[Round "3"]
[White "Bidkov, Anton"]
[Black "Solomaha, Andrey"]
[Result "0-1"]
[WhiteElo "2132"]
[BlackElo "2305"]
[PlyCount "84"]
[EventDate "2007.01.20"]
[EventType "swiss"]
[EventRounds "11"]
[EventCountry "UKR"]
[SourceTitle "CBM 116 Extra"]
[Source "ChessBase"]
[SourceDate "2007.03.07"]
[SourceVersion "1"]
[SourceVersionDate "2007.03.07"]
[SourceQuality "1"]

1. c4 Nf6 2. Nc3 b6 3. e4 d6 4. g3 Bb7 5. Bg2 c5 6. d3 e6 7. Nge2 a6 8. 0-0 Qc7 9. f4 Nc6 10. Be3 Be7 11. h3 Nd7 12. Qd2 Bf6 13. Rab1 0-0 14. f5 Nd4 15. g4 b5 16. g5 Be5 17. f6 Nb6 18. Bf4 Nxe2+ 19. Nxe2 d5 20. fxg7 Rfd8 21. exd5 bxc4 22. dxe6 Bxg2 23. Bxe5 Qxe5 24. exf7+ Kxg7 25. Kxg2 cxd3 26. Ng3 Nc4 27. Nh5+ Kf8 28. Qf4 Ne3+ 29. Kg1 Qxf4 30. Nxf4 Nxf1 31. Ne6+ Kxf7 32. Nxd8+ Rxd8 33. Kxf1 Kg6 34. Ke1 d2+ 35. Kd1 Kxg5 36. b4 c4 37. b5 axb5 38. Rxb5+ Kf4 39. Rc5 Rd4 40. a4 Ke3 41. Re5+ Kd3 42. Rg5 c3 0-1

[Event "Kiev-ch"]
[Site "Kiev"]
[Date "2007.01.21"]
[Round "2"]
[White "Solomaha, Andrey"]
[Black "Melnichuk, Mikhail"]
[Result "1/2-1/2"]
[WhiteElo "2305"]
[BlackElo "2223"]
[PlyCount "37"]
[EventDate "2007.01.20"]
[EventType "swiss"]
[EventRounds "11"]
[EventCountry "UKR"]
[SourceTitle "CBM 116 Extra"]
[Source "ChessBase"]
[SourceDate "2007.03.07"]
[SourceVersion "1"]
[SourceVersionDate "2007.03.07"]
[SourceQuality "1"]

1. e4 c6 2. d4 d5 3. exd5 cxd5 4. c4 e6 5. Nc3 Nf6 6. Nf3 Be7 7. cxd5 Nxd5 8. Bd3 Nc6 9. 0-0 0-0 10. Re1 Nf6 11. a3 b6 12. Bg5 Bb7 13. Bc2 Nd5 14. Qd3 g6 15. Bxe7 Ncxe7 16. Ne4 Nf5 17. Rad1 Nh4 18. Nxh4 Qxh4 19. Bb3 1/2-1/2

[Event "Stepichev Memorial-A 14th"]
[Site "Kiev"]
[Date "2007.01.06"]
[Round "8"]
[White "Baryshpolets, Andrey"]
[Black "Solomaha, Andrey"]
[Result "1/2-1/2"]
[WhiteElo "2251"]
[BlackElo "2323"]
[PlyCount "95"]
[EventDate "2006.12.27"]
[EventType "tourn"]
[EventRounds "11"]
[EventCountry "UKR"]
[EventCategory "2"]
[SourceTitle "EXT 2008"]
[Source "ChessBase"]
[SourceDate "2007.11.25"]
[SourceVersion "1"]
[SourceVersionDate "2007.11.25"]
[SourceQuality "1"]

1. Nf3 Nf6 2. c4 g6 3. d4 Bg7 4. Nc3 0-0 5. g3 d6 6. Bg2 Nbd7 7. 0-0 e5 8. e4 c6 9. h3 Qb6 10. Re1 Re8 11. Re2 exd4 12. Nxd4 Qb4 13. Rc2 Nc5 14. Bd2 Qb6 15. Be3 a5 16. Nb3 Bf8 17. Nxc5 dxc5 18. b3 Qc7 19. Qf1 Nh5 20. Re1 Bd7 21. Rd2 Rad8 22. Red1 Bc8 23. Qe2 Be7 24. Rxd8 Rxd8 25. Rxd8+ Qxd8 26. Qd2 Qc7 27. g4 Ng7 28. Bf4 Qd8 29. Qxd8+ Bxd8 30. Bb8 h5 31. gxh5 Nxh5 32. Na4 b6 33. Bf1 Nf6 34. Ba7 Nd7 35. h4 f5 36. exf5 gxf5 37. Bg2 b5 38. Nxc5 Nxc5 39. Bxc5 bxc4 40. bxc4 Be6 41. Bxc6 Bxc4 42. a4 Kf7 43. Kg2 Bxh4 44. Bb6 Ke6 45. Bxa5 Bd5+ 46. Bxd5+ Kxd5 47. Bb6 Bxf2 48. Kxf2 1/2-1/2

[Event "Stepichev Memorial-A 14th"]
[Site "Kiev"]
[Date "2006.12.28"]
[Round "2"]
[White "Solomaha, Andrey"]
[Black "Bidkov, Anton"]
[Result "1/2-1/2"]
[WhiteElo "2323"]
[BlackElo "2132"]
[PlyCount "37"]
[EventDate "2006.12.27"]
[EventType "tourn"]
[EventRounds "11"]
[EventCountry "UKR"]
[EventCategory "2"]
[SourceTitle "EXT 2008"]
[Source "ChessBase"]
[SourceDate "2007.11.25"]
[SourceVersion "1"]
[SourceVersionDate "2007.11.25"]
[SourceQuality "1"]

1. e4 c6 2. c4 d5 3. exd5 cxd5 4. cxd5 Nf6 5. Nc3 g6 6. Qb3 Bg7 7. Bb5+ Nbd7 8. d6 exd6 9. Nge2 0-0 10. d4 Nb6 11. Bf4 Bf5 12. Rd1 Rc8 13. 0-0 d5 14. Be5 Ng4 15. Bg3 Nf6 16. Nf4 Ne4 17. Nxe4 Bxe4 18. Bd3 Re8 19. Rfe1 1/2-1/2

[Event "Kiev Independence Cup-A 6th"]
[Site "Kiev"]
[Date "2006.08.21"]
[Round "9"]
[White "Gubay, Nikolay"]
[Black "Solomaha, Andrey"]
[Result "0-1"]
[WhiteElo "2165"]
[BlackElo "2323"]
[PlyCount "110"]
[EventDate "2006.08.13"]
[EventType "swiss"]
[EventRounds "11"]
[EventCountry "UKR"]
[SourceTitle "CBM 113 Extra"]
[Source "ChessBase"]
[SourceDate "2006.09.14"]
[SourceVersion "1"]
[SourceVersionDate "2006.09.14"]
[SourceQuality "1"]

1. e4 e5 2. Nf3 Nc6 3. d4 exd4 4. Nxd4 Nf6 5. Nxc6 bxc6 6. e5 Qe7 7. Qe2 Nd5 8. c4 Ba6 9. b3 g6 10. f4 Bg7 11. Qf2 Nb6 12. c5 Bxf1 13. cxb6 Ba6 14. bxc7 Qb4+ 15. Kd1 Qb6 16. Be3 Qxc7 17. Bc5 0-0-0 18. Bd6 Qb6 19. Qd2 f6 20. Nc3 fxe5 21. fxe5 Rhf8 22. Ne4 Bh6 23. Qc3 Be3 24. Nc5 Bxc5 25. Bxc5 Qb5 26. Bxf8 Qe2+ 27. Kc1 Rxf8 28. Re1 Qxg2 29. Rb1 Rf3 30. Qb4 Rf2 31. Qe4 Qxe4 32. Rxe4 Bd3 33. Rh4 Rf1+ 34. Kd2 Bxb1 35. Rxh7 Bxa2 36. Rh6 Bxb3 37. Rxg6 Rf2+ 38. Kc3 Bd5 39. h4 Rh2 40. Rh6 a5 41. Rh8+ Kc7 42. h5 Kb6 43. h6 Kc5 44. Ra8 Rh3+ 45. Kd2 Rxh6 46. Rxa5+ Kd4 47. Ke2 Rh2+ 48. Kf1 Kxe5 49. Ra4 Ra2 50. Rh4 c5 51. Ke1 Be4 52. Kd1 c4 53. Rh5+ Kd4 54. Rh3 c3 55. Rd3+ Bxd3 0-1

[Event "Kiev Independence Cup-A 6th"]
[Site "Kiev"]
[Date "2006.08.19"]
[Round "7"]
[White "Moiseev, Igor"]
[Black "Solomaha, Andrey"]
[Result "0-1"]
[WhiteElo "2246"]
[BlackElo "2323"]
[PlyCount "126"]
[EventDate "2006.08.13"]
[EventType "swiss"]
[EventRounds "11"]
[EventCountry "UKR"]
[SourceTitle "CBM 113 Extra"]
[Source "ChessBase"]
[SourceDate "2006.09.14"]
[SourceVersion "1"]
[SourceVersionDate "2006.09.14"]
[SourceQuality "1"]

1. d4 Nf6 2. c4 c5 3. d5 e5 4. Nc3 d6 5. e4 g6 6. Be2 Bg7 7. h4 h5 8. Nf3 Nh7 9. Ng5 Bf6 10. Qd2 Nd7 11. a4 Ndf8 12. Nf3 Bg4 13. g3 Bg7 14. Ng1 Bxe2 15. Qxe2 Qe7 16. a5 a6 17. Nh3 Nd7 18. Ng5 Nxg5 19. hxg5 f6 20. gxf6 Bxf6 21. Bd2 0-0-0 22. Na4 h4 23. 0-0-0 Bg5 24. Qg4 Bxd2+ 25. Kxd2 g5 26. Rh3 Kb8 27. Rdh1 Rhf8 28. Ke2 hxg3 29. Rxg3 Rf4 30. Qxg5 Rxe4+ 31. Kd3 Rd4+ 32. Kc3 Qxg5 33. Rxg5 Nf6 34. f3 Nxd5+ 35. cxd5 Rxa4 36. Rh7 Rxa5 37. Rgg7 Rb5 38. Rf7 Ka7 39. b3 Rb4 40. Rhg7 a5 41. Rh7 Ka6 42. Rhg7 Rb6 43. f4 exf4 44. Rxf4 Rh8 45. Rg3 Rh5 46. Rd3 Rh6 47. Re4 Rb4 48. Re6 Rbh4 49. Rf3 Rxe6 50. dxe6 Re4 51. Rf6 Kb5 52. Kd3 Re5 53. Rf7 b6 54. e7 d5 55. Rh7 d4 56. Kc2 Kb4 57. Rg7 b5 58. Rh7 a4 59. bxa4 bxa4 60. Kb2 Re2+ 61. Kb1 d3 62. Kc1 a3 63. Kb1 Kb3 0-1

[Event "Kiev Independence Cup-A 6th"]
[Site "Kiev"]
[Date "2006.08.16"]
[Round "4"]
[White "Solomaha, Andrey"]
[Black "Manilyk, Andrei"]
[Result "1-0"]
[WhiteElo "2323"]
[BlackElo "2143"]
[PlyCount "119"]
[EventDate "2006.08.13"]
[EventType "swiss"]
[EventRounds "11"]
[EventCountry "UKR"]
[SourceTitle "CBM 113 Extra"]
[Source "ChessBase"]
[SourceDate "2006.09.14"]
[SourceVersion "1"]
[SourceVersionDate "2006.09.14"]
[SourceQuality "1"]

1. e4 d6 2. d4 Nf6 3. Nc3 c6 4. g3 Nbd7 5. Bg2 e5 6. Nge2 b5 7. h3 Be7 8. Be3 Bb7 9. 0-0 0-0 10. dxe5 dxe5 11. g4 Qc7 12. Ng3 Rfd8 13. Nf5 Nc5 14. Qc1 Ne6 15. Ne2 g6 16. Nh6+ Kg7 17. f4 Ng8 18. f5 Nd4 19. Bxd4 exd4 20. g5 Bxg5 21. Qxg5 f6 22. Nf4 fxg5 23. Ne6+ Kxh6 24. Nxc7 Rac8 25. Ne6 Re8 26. Nc5 Rc7 27. f6 Rf8 28. Ne6 Rcf7 29. Nxf8 Rxf8 30. e5 Bc8 31. Kh2 g4 32. hxg4 Kg5 33. Bxc6 Nh6 34. Bf3 Be6 35. Rad1 Nf7 36. Rfe1 Rc8 37. Re2 Rc5 38. Rde1 a5 39. Kg3 b4 40. Re4 h5 41. gxh5 gxh5 42. R1e2 Nh6 43. Kf2 Nf5 44. Rd2 a4 45. Ke1 Ng3 46. Rg2 h4 47. f7 Bxf7 48. e6 Be8 49. Rg4+ Kf6 50. Rxd4 Re5+ 51. Kf2 Nf5 52. Rxb4 Rxe6 53. Bg4 Re5 54. Rf4 Bd7 55. Bxf5 Bxf5 56. Rg8 Ke7 57. Rg5 Kf6 58. Rgxf5+ Rxf5 59. Rxf5+ Kxf5 60. b4 1-0

[Event "Kiev Sport Union-ch "]
[Site "Kiev"]
[Date "2006.07.07"]
[Round "7"]
[White "Solomaha, Andrey"]
[Black "Gubay, Nikolay"]
[Result "1-0"]
[WhiteElo "2323"]
[BlackElo "2165"]
[PlyCount "125"]
[EventDate "2006.07.01"]
[EventType "swiss"]
[EventRounds "9"]
[EventCountry "UKR"]
[SourceTitle "EXT 2008"]
[Source "ChessBase"]
[SourceDate "2007.11.25"]
[SourceVersion "1"]
[SourceVersionDate "2007.11.25"]
[SourceQuality "1"]

1. e4 c5 2. Nf3 Nc6 3. d4 cxd4 4. Nxd4 Nf6 5. Nc3 e5 6. Ndb5 d6 7. Nd5 Nxd5 8. exd5 Nb8 9. c4 a6 10. Nc3 Be7 11. Be2 f5 12. 0-0 0-0 13. f3 Nd7 14. Be3 Bg5 15. Bf2 Bh4 16. Qe1 Bxf2+ 17. Qxf2 b6 18. b4 Rb8 19. Rac1 Bb7 20. Rfd1 Rc8 21. Na4 b5 22. cxb5 Rxc1 23. Rxc1 axb5 24. Bxb5 Bxd5 25. Rd1 Be6 26. Bc6 Nf6 27. Nc3 Qc7 28. b5 e4 29. Qd4 exf3 30. Bxf3 Ne4 31. Bxe4 fxe4 32. a4 Bc4 33. Nxe4 d5 34. Nd2 Rf4 35. Qe3 d4 36. Qe8+ Rf8 37. Qe4 Qc5 38. Rc1 Qg5 39. Qxd4 Bd5 40. g3 Ba8 41. Qc4+ Kh8 42. Qc5 Qd8 43. Rf1 Re8 44. Nc4 Re7 45. Nd6 Qg8 46. Qc8 Qxc8 47. Nxc8 Re8 48. Nd6 Rb8 49. Rc1 Kg8 50. Kf2 Kf8 51. Rc8+ Rxc8 52. Nxc8 Ke8 53. Ke3 Kd8 54. Nb6 Bb7 55. Kd4 g5 56. a5 Kc7 57. Kc5 h5 58. a6 h4 59. axb7 hxg3 60. hxg3 g4 61. Nd5+ Kb8 62. Kc6 Ka7 63. Nf6 1-0